000 00292nam a22001337a 4500
008 170807b xxu||||| |||| 00| 0 eng d
020 _a0135856884
041 _aeng
080 _a004
100 _a33
101 _aSHK
245 _aAUTOMOTIVE TECHNOLOGY TODAY
_cCARNIS,M
942 _2udc
_cBK
999 _c22806
_d22806